| 000 | 00978nam a2200313 a 4500 | ||
|---|---|---|---|
| 001 | 75943 | ||
| 003 | BD-RjUL | ||
| 005 | 20211209082751.0 | ||
| 008 | 190921s2006 njua b 001 0 eng | ||
| 020 | _a0131538411 | ||
| 020 | _a8120329082 | ||
| 035 | _a(OCoLC)57422650 | ||
| 035 | _a(BD-RjUL)76162 | ||
| 040 |
_aDLC _cDLC _dBAKER _dMYG _dBD-RjUL _beng |
||
| 041 | _aeng | ||
| 042 | _apcc | ||
| 049 | _aMYGG | ||
| 082 | 0 | 0 |
_223 _a658.4038 _bLAM 2006 |
| 100 | 1 |
_aLaudon, Kenneth C., _d1944- _9233066 |
|
| 245 | 1 | 0 |
_aManagement information systems : _bmanaging the digital firm / _cKenneth C. Laudon, Jane P. Laudon. |
| 250 | _a9th ed. | ||
| 260 |
_aNew Delhi : _bPrentice Hall of India, _c2006. |
||
| 300 |
_axxx, 641 pages : _billustrations ; _c28 cm. |
||
| 504 | _aIncludes bibliographical references and index. | ||
| 650 | 0 |
_aManagement information systems. _9233067 |
|
| 700 | 1 |
_aLaudon, Jane P. _q(Jane Price) _9233069 |
|
| 942 |
_2ddc _cBK |
||
| 999 |
_c75943 _d75943 |
||